Kombinácia produktu a trhu na príklade holandských turistov na Slovensku

Kombinácia produktu a trhu znamená ich charakteristiku, pričom trh charakterizujú zákazníci a konkurencia. Charakteristika produktu vo vzťahu k zákazníkovi. Charakteristika produktu vo vzťahu ku konkurencii. Charakteristika vzťahu medzi zákazníkmi a konkurenciou. Konečným produktom kombinácie produk...

Descrizione completa

Salvato in:
Dettagli Bibliografici
Autore principale: Jaďuď, Ivan
Natura: Capitolo di libro
Lingua:slovacco
Soggetti:
Tags: Aggiungi Tag
Nessun Tag, puoi essere il primo ad aggiungerne!!

MARC

LEADER 00000naa a2200000 4500
001 r037273
005 20230724104925.0
041 0 |a slo 
044 |a SK 
245 1 0 |a Kombinácia produktu a trhu na príklade holandských turistov na Slovensku  |c Ivan Jaďuď 
520 |a Kombinácia produktu a trhu znamená ich charakteristiku, pričom trh charakterizujú zákazníci a konkurencia. Charakteristika produktu vo vzťahu k zákazníkovi. Charakteristika produktu vo vzťahu ku konkurencii. Charakteristika vzťahu medzi zákazníkmi a konkurenciou. Konečným produktom kombinácie produktu a trhu je analýza SWOT. 
610 2 0 |a ruch cestovný 
610 2 0 |a turistika 
610 2 0 |a Slovensko 
610 2 0 |a Holandsko 
610 2 0 |a produkty 
610 2 0 |a trh 
610 2 0 |a konkurencia 
610 2 0 |a zákazníci 
610 2 0 |a analýza swot 
100 1 |a Jaďuď, Ivan